[Event "Druzynowe Mistrzostwa Polski Juniorow - I Liga 2023"]
[Site "Lublin"]
[Date "1899-12-30"]
[Round "6.54"]
[White "Rduch, Diana"]
[Black "Slusarczyk, Agnieszka"]
[Result "0-1"]
[WhiteTitle "I"]
[BlackTitle "I"]
[WhiteElo "1129"]
[BlackElo "1400"]

1. e4 e5 2. Nf3 Nc6 3. Bc4 Nf6 4. Ng5 d5 5. exd5 Nd4 6. d6 Qxd6 7. Bxf7+ Ke7 8.
Bb3 Nxb3 9. axb3 h6 10. Nf3 e4 11. Qe2 Kf7 12. Ng1 Be7 13. Nc3 Re8 14. Nb5 Qb6
15. Qc4+ Be6 16. Qf1 Bc5 17. Nc3 Ng4 18. Nh3 Kg8 19. Na4 Qd6 20. Qb5 Bd4 21. c3
a6 22. Qe2 Ba7 23. g3 b5 24. O-O bxa4 25. Nf4 Nf6 26. Nxe6 Qxe6 27. Rxa4 Qh3 28.
Kh1 Ng4 29. f3 exf3 30. Qc4+ Kh8 31. Rf2 Re1+ 0-1

[Event "Druzynowe Mistrzostwa Polski Juniorow - I Liga 2023"]
[Site "Lublin"]
[Date "1899-12-30"]
[Round "6.55"]
[White "Anyz, Monika"]
[Black "Lochinski, Pawel"]
[Result "1/2-1/2"]
[WhiteTitle "I++"]
[BlackTitle "I"]
[WhiteElo "1652"]
[BlackElo "1709"]

1. e4 c5 2. Nf3 d6 3. d4 cxd4 4. Nxd4 Nf6 5. Nc3 Nc6 6. Bg5 e6 7. Bb5 Qc7 8. Bxf6
gxf6 9. Qf3 Bd7 10. Bxc6 bxc6 11. Qxf6 Rg8 12. O-O-O Be7 13. Qf3 Rb8 14. h4 c5
15. Nde2 Qb6 16. b3 a5 17. g3 a4 18. Kd2 axb3 19. Rb1 b2 20. Nd1 Qa5+ 21. Nec3
Qa3 22. Ne3 Bb5 23. Rhe1 Ba6 24. Qh5 Bf6 25. Ned1 Bc4 26. e5 Bxe5 27. Rxe5 dxe5
28. Qxe5 Rd8+ 29. Ke3 Qa7 30. Nxb2 Ba6 31. Ne4 c4+ 32. Ke2 Ke7 33. Qf6+ Ke8 34.
Qe5 Rf8 35. Nd6+ Ke7 36. Nf5+ 1/2-1/2

[Event "Druzynowe Mistrzostwa Polski Juniorow - I Liga 2023"]
[Site "Lublin"]
[Date "1899-12-30"]
[Round "6.56"]
[White "Grzebieniowski, Michal"]
[Black "Rzenca, Jerzy"]
[Result "1-0"]
[WhiteTitle "I"]
[BlackTitle "I"]
[WhiteElo "1603"]
[BlackElo "1710"]

1. d4 d5 2. Bf4 Nf6 3. Nf3 c5 4. c3 Nc6 5. e3 Qb6 6. Qb3 c4 7. Qc2 Bf5 8. Qc1 h6
9. Nbd2 e6 10. Be2 Be7 11. b3 cxb3 12. axb3 Rc8 13. Qd1 Ne4 14. Nxe4 Bxe4 15.
O-O Na5 16. c4 dxc4 17. bxc4 Nxc4 18. Qa4+ Qc6 19. Bxc4 Qxa4 20. Rxa4 Bc6 21.
Rxa7 Bxf3 22. Bxe6 fxe6 23. gxf3 b5 24. Rb7 Bf6 25. Rxb5 O-O 26. Bg3 Rc6 27. Rfb1
Re8 28. Rb8 Rxb8 29. Rxb8+ Kf7 30. Kf1 Rc2 31. Rb7+ Kg6 32. Rb6 Kf7 33. Kg2 Bg5
34. Kh3 Bf6 35. Kg4 Ra2 36. Kf4 h5 37. h4 Ra5 38. Rb7+ Kg6 39. Rb1 Kf7 40. Ke4
Rf5 41. Rc1 Ra5 42. Rd1 Ra3 43. Rh1 Ra2 44. Rh2 Rd2 45. Be5 Ke7 46. f4 Kf7 47.
f5 Ke7 48. Bxf6+ gxf6 49. fxe6 Kxe6 50. Kf3 Rd1 51. Rh3 Rg1 52. Ke4 Rg4+ 53. Kd3
Rg1 54. f3 Rd1+ 55. Ke4 Rd2 56. Kf4 Rd3 57. Rh2 Rd1 58. Ke4 Rf1 59. Kf4 Rd1 60.
Ra2 Rh1 61. Kg3 Rg1+ 62. Kh2 Re1 63. Ra3 Re2+ 64. Kg3 Re1 65. e4 Rg1+ 66. Kh2
Rd1 67. Ra6+ Kf7 68. Rd6 Rd2+ 69. Kg3 Rd1 70. e5 fxe5 71. dxe5 Rg1+ 72. Kf4 1-0

[Event "Druzynowe Mistrzostwa Polski Juniorow - I Liga 2023"]
[Site "Lublin"]
[Date "1899-12-30"]
[Round "6.57"]
[White "Morozov, Artem"]
[Black "Adamczyk, Kacper"]
[Result "1-0"]
[WhiteTitle "II+"]
[BlackTitle "II"]
[WhiteElo "1370"]
[BlackElo "1277"]

1. d4 Nf6 2. Bf4 c5 3. e3 Qb6 4. Nc3 cxd4 5. exd4 d6 6. Nf3 Qxb2 7. Nb5 Na6 8.
Rb1 Qxa2 9. Ra1 Qe6+ 10. Be2 Qd7 11. O-O g6 12. Re1 Bg7 13. Nxd6+ Kf8 14. Nxf7
Nh5 15. N3e5 Qf5 16. Bxh5 Rg8 17. Bxg6 Qxf4 18. Bxh7 Bxe5 19. Nxe5 Bg4 20. Bxg8
1-0

[Event "Druzynowe Mistrzostwa Polski Juniorow - I Liga 2023"]
[Site "Lublin"]
[Date "1899-12-30"]
[Round "6.58"]
[White "Modzelan, Wojciech"]
[Black "Koziel, Leon"]
[Result "1/2-1/2"]
[WhiteTitle "II"]
[BlackTitle "III"]
[WhiteElo "1091"]
[BlackElo "1008"]

1. e4 e5 2. Nf3 Nc6 3. Bb5 a6 4. Ba4 b5 5. Bb3 Bc5 6. O-O d6 7. c3 Be6 8. d4 Bxb3
9. axb3 Bb6 10. Re1 h6 11. d5 Nce7 12. Be3 Bxe3 13. Rxe3 Nf6 14. c4 b4 15. Nbd2
O-O 16. Nf1 c6 17. dxc6 Nxc6 18. Ng3 Ne7 19. Rd3 Qc7 20. Rxd6 Rfd8 21. Rxd8+ Rxd8
22. Qe2 a5 23. Rd1 Rxd1+ 24. Qxd1 g6 25. h3 Nc8 26. Qc2 Nd7 27. Ne1 Ne7 28. Qd2
Kg7 29. Nd3 Nc6 30. Ne2 Nf6 31. Qe3 Qa7 32. Qxa7 Nxa7 33. Ng3 Nc6 34. f3 Nd7 35.
Ne2 h5 36. Kf2 h4 37. g3 hxg3+ 38. Kxg3 Kf6 39. f4 exf4+ 40. Kxf4 g5+ 41. Ke3
Nf8 42. Nd4 Nxd4 43. Kxd4 Ne6+ 44. Ke3 Kg6 45. c5 Kf6 46. c6 Ke7 47. e5 f5 48.
Nf2 Kd8 49. Kd3 Kc7 50. Kc4 Kxc6 51. Nd3 g4 52. hxg4 fxg4 53. Nc1 Nf4 54. Nd3
Ne2 1/2-1/2

[Event "Druzynowe Mistrzostwa Polski Juniorow - I Liga 2023"]
[Site "Lublin"]
[Date "1899-12-30"]
[Round "6.59"]
[White "Giemza, Julia"]
[Black "Ziobrowska, Maja"]
[Result "0-1"]
[WhiteTitle "I+"]
[BlackTitle "I++"]
[WhiteElo "1577"]
[BlackElo "1759"]

1. e4 e5 2. Nf3 Nc6 3. d4 exd4 4. Nxd4 Bc5 5. Nb3 Be7 6. Nc3 Nf6 7. Be3 O-O 8.
Bc4 d6 9. Qe2 Ne5 10. O-O-O a6 11. Bf4 Nxc4 12. Qxc4 b5 13. Qe2 b4 14. Nd5 Nxd5
15. Rxd5 Be6 16. Rd2 a5 17. Kb1 Qd7 18. Nd4 Rfb8 19. Rg1 a4 20. g4 b3 21. a3 bxc2+
22. Rxc2 Bb3 23. Rd2 Bf8 24. Rg3 Be6 25. h4 Rb6 26. h5 Rab8 27. Ka1 Qc8 28. Nxe6
Qxe6 29. Rc3 Rb3 30. Rxc7 Qf6 31. Be3 Rxa3+ 32. Kb1 Rab3 33. Bd4 Qf4 34. Ka2 d5
35. e5 a3 36. Ra7 axb2 37. Rxb2 Qxd4 38. Rxb3 Qxa7+ 0-1

[Event "Druzynowe Mistrzostwa Polski Juniorow - I Liga 2023"]
[Site "Lublin"]
[Date "1899-12-30"]
[Round "6.60"]
[White "Mataczyna, Aleksandra"]
[Black "Opala, Natalia"]
[Result "1-0"]
[WhiteTitle "I"]
[BlackTitle "I"]
[WhiteElo "1166"]
[BlackElo "1202"]

1. e4 c6 2. d4 d5 3. Nc3 dxe4 4. Nxe4 Nf6 5. Nxf6+ exf6 6. c3 Bd6 7. Bd3 O-O 8.
Ne2 Re8 9. O-O Nd7 10. Qc2 h5 11. Nf4 h4 12. Qd1 Qc7 13. g3 Nf8 14. Qh5 g5 15.
Ng2 hxg3 16. fxg3 Kg7 17. Bxg5 fxg5 18. Qxg5+ Kh8 19. Rf6 Re6 20. Raf1 Rxf6 21.
Rxf6 Ng6 22. Qh6+ Kg8 23. Bxg6 fxg6 24. Rxg6+ Kf7 25. Rg7+ Ke8 26. Qh8+ Bf8 27.
Rxc7 1-0

[Event "Druzynowe Mistrzostwa Polski Juniorow - I Liga 2023"]
[Site "Lublin"]
[Date "1899-12-30"]
[Round "7.1"]
[White "Jedraszek, Pawel"]
[Black "Kaliszuk, Kamil"]
[Result "1/2-1/2"]
[WhiteTitle "I++"]
[BlackTitle "k"]
[WhiteElo "2057"]
[BlackElo "2249"]

1. d4 e6 2. c4 Nf6 3. Nf3 d5 4. g3 Bb4+ 5. Bd2 Be7 6. Bg2 O-O 7. O-O c6 8. Qc2
Nbd7 9. b3 Ne4 10. Bc1 f5 11. Ba3 Bxa3 12. Nxa3 Qe7 13. Qb2 b6 14. Nc2 Bb7 15.
cxd5 cxd5 16. Nce1 Ba6 17. Nd3 Rac8 18. Rac1 Qd6 19. Nfe5 Nxe5 20. Nxe5 Nf6 21.
Rxc8 Rxc8 22. Rc1 Nd7 23. Rxc8+ Bxc8 24. Qc1 Bb7 25. Nd3 Ba6 26. Nf4 Kf7 27. h4
Nf6 28. e3 Ke7 29. Bf1 Bb7 30. Nd3 Nd7 31. Qc3 Qc6 32. Qb4+ Qd6 33. Qc3 Qc6 34.
Qb4+ 1/2-1/2

[Event "Druzynowe Mistrzostwa Polski Juniorow - I Liga 2023"]
[Site "Lublin"]
[Date "1899-12-30"]
[Round "7.2"]
[White "Wandor, Adam"]
[Black "Ugorek, Kacper"]
[Result "0-1"]
[WhiteTitle "II+"]
[BlackTitle "I"]
[WhiteElo "1652"]
[BlackElo "1846"]

1. e4 c5 2. Nf3 d6 3. Bb5+ Nd7 4. c4 e5 5. Nc3 a6 6. Ba4 Ne7 7. d3 Nc6 8. Nd5 Nb6
9. Nxb6 Qxb6 10. O-O Be7 11. Ne1 O-O 12. g4 Nd4 13. Ng2 Qd8 14. h3 g5 15. Ne3
b5 16. Bc2 Kg7 17. Kg2 Rh8 18. f3 h5 19. Rh1 Ne6 20. Nf5+ Kf8 21. b3 Nf4+ 22.
Bxf4 gxf4 23. Nxe7 Qxe7 24. Kf2 Bd7 25. Ke2 Qh4 26. Qe1 Qxe1+ 27. Raxe1 Ke7 28.
Kf2 b4 29. Ra1 a5 30. Ke2 a4 31. Kd2 axb3 32. Bxb3 Ba4 33. Bc2 hxg4 34. fxg4 Bxc2
35. Kxc2 Rh4 36. Rh2 Kf6 37. Kb2 Kg5 38. a4 bxa3+ 39. Rxa3 Rxa3 40. Kxa3 f3 41.
Ka4 Kf4 42. Kb5 Kg3 43. Rd2 f2 44. Rd1 Rxh3 45. Kc6 Rh6 46. g5 Rg6 47. Kd7 Kg2
48. Ke7 f1=Q 49. Rxf1 Kxf1 50. Kxf7 Rxg5 51. Kf6 Rg3 0-1

[Event "Druzynowe Mistrzostwa Polski Juniorow - I Liga 2023"]
[Site "Lublin"]
[Date "1899-12-30"]
[Round "7.3"]
[White "Dobosiewicz, Dawid"]
[Black "Witczak, Borys"]
[Result "1/2-1/2"]
[WhiteTitle "I+"]
[BlackTitle "I"]
[WhiteElo "1808"]
[BlackElo "1856"]

1. Nf3 Nf6 2. g3 g6 3. b3 Bg7 4. Bb2 O-O 5. Bg2 d6 6. d4 Nbd7 7. O-O c6 8. c4 Qc7
9. Nc3 e5 10. e4 exd4 11. Nxd4 a5 12. Rc1 Nc5 13. h3 Qb6 14. Rb1 Re8 15. Re1 Nfd7
16. Nde2 Ne5 17. Nc1 Be6 18. Kh2 f5 19. f4 Nf7 20. Nd3 Nxe4 21. Nxe4 fxe4 22.
Bxe4 Re7 23. Bxg7 Kxg7 24. f5 Bxf5 25. Bxf5 Rxe1 26. Qxe1 gxf5 27. Qc3+ Kg8 28.
Re1 Qd8 29. Rf1 Qg5 30. Qe1 Kh8 31. Qc3+ Kg8 32. Re1 1/2-1/2

[Event "Druzynowe Mistrzostwa Polski Juniorow - I Liga 2023"]
[Site "Lublin"]
[Date "1899-12-30"]
[Round "7.4"]
[White "Rajbharath, Harjith"]
[Black "Goralski, Mateusz"]
[Result "1/2-1/2"]
[WhiteTitle "II"]
[BlackTitle "II"]
[WhiteElo "1449"]
[BlackElo "1353"]

1. d4 c5 2. d5 e5 3. c4 d6 4. Nc3 g6 5. e4 Bg7 6. Be3 Ne7 7. Bd3 O-O 8. Nge2 f5
9. f3 Na6 10. a3 f4 11. Bf2 g5 12. Qc2 Ng6 13. O-O-O Rb8 14. Nb5 Ra8 15. Nec3
Nc7 16. Nxc7 Qxc7 17. Nb5 Qd8 18. Be2 a6 19. Nc3 Bd7 20. g4 Rb8 21. a4 h6 22.
h3 Bf6 23. Be1 Rf7 24. Qb3 b6 25. Bd2 Qc7 26. Be1 Qd8 27. Bd2 Qc7 28. Be1 Qd8
29. Bd2 Qc7 30. Be1 Qd8 1/2-1/2

[Event "Druzynowe Mistrzostwa Polski Juniorow - I Liga 2023"]
[Site "Lublin"]
[Date "1899-12-30"]
[Round "7.5"]
[White "Barwinska, Ewa"]
[Black "Biliak, Viktoria"]
[Result "1-0"]
[WhiteTitle "WCM"]
[BlackTitle "II"]
[WhiteElo "1953"]
[BlackElo "1612"]

1. e4 e6 2. d3 d5 3. Qe2 Nf6 4. Nf3 c5 5. g3 d4 6. e5 Nfd7 7. Bg2 Nc6 8. O-O Be7
9. h4 h5 10. Bf4 Qc7 11. Re1 a6 12. c4 b5 13. b3 bxc4 14. bxc4 Rb8 15. Nbd2 Bb7
16. Ne4 Ba8 17. Nd6+ Kf8 18. Ng5 Bxd6 19. exd6 Qd8 20. Nxf7 Kxf7 21. Qxe6+ Kf8
22. Bd5 Nce5 23. Bxe5 Bxd5 24. Qxd5 Rh6 25. Bf4 Rh8 26. Re7 1-0

[Event "Druzynowe Mistrzostwa Polski Juniorow - I Liga 2023"]
[Site "Lublin"]
[Date "1899-12-30"]
[Round "7.6"]
[White "Kaminska, Zuzanna"]
[Black "Skorupa, Antonina"]
[Result "1-0"]
[WhiteTitle "I"]
[BlackTitle "I"]
[WhiteElo "1312"]
[BlackElo "1203"]

1. e4 c5 2. Nf3 Nc6 3. d4 cxd4 4. Nxd4 Qb6 5. Nxc6 bxc6 6. Nd2 d6 7. Nc4 Qc7 8.
Be2 g6 9. c3 Bg7 10. Bf4 Be6 11. f3 Nf6 12. Qd2 O-O 13. h4 h5 14. O-O Rab8 15.
e5 Bxc4 16. exf6 Bxf6 17. Bxc4 Qb6+ 18. Be3 Qxb2 19. Qxb2 Rxb2 20. Rfc1 Bxh4 21.
Rab1 Rfb8 22. Bb3 Rxb1 23. Rxb1 Kg7 24. Bxa7 Rb5 25. Bd4+ e5 26. Bf2 Bg5 27. a4
Ra5 28. Bb6 Ra6 29. a5 d5 30. Ba4 d4 31. cxd4 Be3+ 32. Kf1 Bxd4 33. Bxc6 Bc3 34.
Bb7 Rxa5 35. Bxa5 Bxa5 36. Bd5 f5 37. Ke2 Bc3 38. Rb6 Bd4 39. Ra6 h4 40. Bc6 Kf7
41. Ra8 g5 42. Bd7 e4 43. fxe4 fxe4 44. Ra4 Be5 45. Rxe4 Bf4 46. Kf3 Kf6 47. Rxf4+
gxf4 48. Kxf4 h3 49. Bxh3 Kg7 50. Kg5 Kf7 51. Kh6 Kg8 52. g4 Kh8 53. g5 Kg8 54.
Kg6 Kh8 55. Kf7 Kh7 56. g6+ Kh6 57. g7 Kh5 58. g8=Q Kh4 59. Qg4# 1-0

[Event "Druzynowe Mistrzostwa Polski Juniorow - I Liga 2023"]
[Site "Lublin"]
[Date "1899-12-30"]
[Round "7.7"]
[White "Wieczorek, Mikolaj"]
[Black "Klim, Filip"]
[Result "1/2-1/2"]
[WhiteTitle "I++"]
[BlackTitle "k"]
[WhiteElo "1962"]
[BlackElo "1988"]

1. d4 d5 2. c4 e6 3. Nf3 Nf6 4. g3 dxc4 5. Bg2 a6 6. O-O Nc6 7. e3 Rb8 8. Qe2 b5
9. b3 cxb3 10. axb3 Bd6 11. Bb2 Bb7 12. e4 Be7 13. d5 exd5 14. exd5 Qxd5 15. Rd1
Qh5 16. Bxf6 gxf6 17. Nc3 Ne5 18. Nd5 Bd8 19. Qe3 O-O 20. Nh4 Ng6 21. Nxg6 hxg6
22. Qa7 Bxd5 23. Rxd5 f5 24. Qxa6 Rb6 25. Qa7 Qg5 26. Rad1 b4 27. Rd7 Qf6 28.
Bd5 Kg7 29. Bxf7 Rxf7 30. Rxd8 f4 31. Qa8 fxg3 32. Rg8+ Kh7 33. hxg3 Re6 34. Rf1
Re2 35. Rc8 Kg7 36. Qh1 Qxf2+ 37. Rxf2 Re1+ 38. Kg2 Rxf2+ 39. Kxf2 Rxh1 40. Rxc7+
Kf6 41. Rc4 Rd1 42. Rxb4 Rd3 43. Rb5 g5 44. g4 Rd4 45. Kf3 Rf4+ 46. Kg3 Rd4 47.
Rf5+ Kg6 1/2-1/2

[Event "Druzynowe Mistrzostwa Polski Juniorow - I Liga 2023"]
[Site "Lublin"]
[Date "1899-12-30"]
[Round "7.8"]
[White "Bartodziej, Bartosz"]
[Black "Nagly, Wojciech"]
[Result "1/2-1/2"]
[WhiteTitle "I+"]
[BlackTitle "I"]
[WhiteElo "1836"]
[BlackElo "1817"]

1. d4 Nf6 2. c4 e6 3. Nc3 d5 4. Bg5 Nbd7 5. e3 Be7 6. Nf3 O-O 7. Rc1 c6 8. Bd3
b6 9. O-O Bb7 10. cxd5 exd5 11. Qe2 Re8 12. Ba6 Qc8 13. Bxb7 Qxb7 14. Qc2 h6 15.
Bh4 c5 16. dxc5 bxc5 17. Rfd1 Nb6 18. Rd3 Ne4 19. Bxe7 Rxe7 20. Rcd1 Nxc3 21.
bxc3 Qa6 22. Nd2 Rc8 23. h3 Ree8 24. Nf1 Qa5 25. Ng3 Na4 26. Rxd5 Nxc3 27. Qd2
Qb4 28. Nf5 Nxd5 29. Qxd5 Qe4 30. Qd7 Rcd8 31. Qxd8 Rxd8 32. Rxd8+ Kh7 33. g4
g6 34. Ng3 Qb1+ 35. Kg2 Qxa2 36. Ne4 Qe6 37. f3 Qa2+ 38. Kg3 Qa1 39. h4 Qg1+ 40.
Kh3 Qf1+ 41. Kg3 g5 42. hxg5 hxg5 43. Nxg5+ Kg7 44. Rd7 Qa1 45. Rxf7+ Kg8 46.
Rf5 Qc3 47. Ne4 Qe1+ 48. Kf4 c4 49. Rc5 Qb4 50. Kf5 Qb7 51. g5 Kg7 52. Ke5 a5
53. Rxc4 a4 54. f4 a3 55. Nc3 Qb2 56. Ke4 Qb3 57. Kd4 Qb6+ 58. Kd3 Qa6 59. Na2
Qb5 60. Nb4 Kg6 61. Kc3 Qa4 62. Rc6+ Kh5 63. Ra6 Qe8 64. Rxa3 Qxe3+ 65. Nd3 Qb6
66. Ra4 Qc6+ 67. Rc4 Qa6 68. Kd4 Kg4 69. Kd5 Kf5 70. Kd4 Qa1+ 71. Kd5 Qa8+ 72.
Rc6 Qa2+ 73. Kd4 Qa1+ 74. Rc3 1/2-1/2

[Event "Druzynowe Mistrzostwa Polski Juniorow - I Liga 2023"]
[Site "Lublin"]
[Date "1899-12-30"]
[Round "7.9"]
[White "Gibala, Adam"]
[Black "Nawalaniec, Adam"]
[Result "1/2-1/2"]
[WhiteTitle "I"]
[BlackTitle "I++"]
[WhiteElo "1763"]
[BlackElo "1926"]

1. d4 Nf6 2. c4 e6 3. g3 d5 4. Bg2 dxc4 5. Nf3 c5 6. Qa4+ Nbd7 7. dxc5 Bxc5 8.
Qxc4 a6 9. b4 b5 10. Qb3 Bb6 11. O-O Bb7 12. Nc3 O-O 13. Rd1 Rc8 14. e3 Qe7 15.
Bb2 Rc4 16. a3 Rfc8 17. Nd2 Bxg2 18. Kxg2 Ne5 19. Nxb5 Qb7+ 20. Kg1 Nf3+ 21. Nxf3
Qxf3 22. Nd4 Bxd4 23. Rxd4 Ne4 24. Qxc4 Qxf2+ 25. Kh1 Qf3+ 26. Kg1 Qxe3+ 27. Kh1
Qf3+ 28. Kg1 Qf2+ 29. Kh1 Qf3+ 30. Kg1 Qf2+ 31. Kh1 1/2-1/2

[Event "Druzynowe Mistrzostwa Polski Juniorow - I Liga 2023"]
[Site "Lublin"]
[Date "1899-12-30"]
[Round "7.10"]
[White "Klim, Juliusz"]
[Black "Dobrowolski, Kamil"]
[Result "1-0"]
[WhiteTitle "I+"]
[BlackTitle "II"]
[WhiteElo "1708"]
[BlackElo "1539"]

1. e4 c5 2. Nf3 Nc6 3. d4 cxd4 4. Nxd4 g6 5. c4 Bg7 6. Be3 Qb6 7. Nb5 Qa5+ 8. N1c3
d6 9. Be2 Nf6 10. O-O O-O 11. f3 Be6 12. Qd2 Rfc8 13. b3 a6 14. Nd4 Nxd4 15. Bxd4
Nd7 16. Rfc1 Bxd4+ 17. Qxd4 Rab8 18. a3 Qc5 19. Qf2 b5 20. cxb5 Qxf2+ 21. Kxf2
Nc5 22. Nd5 Bxd5 23. exd5 Rd8 24. b4 Nb3 25. bxa6 Nxa1 26. Rxa1 Rdc8 27. b5 Rc2
28. a4 Rb2 29. a5 1-0

[Event "Druzynowe Mistrzostwa Polski Juniorow - I Liga 2023"]
[Site "Lublin"]
[Date "1899-12-30"]
[Round "7.11"]
[White "Kulczycka, Zofia"]
[Black "Sprzeczka, Emilia"]
[Result "0-1"]
[WhiteTitle "I+"]
[BlackTitle "I++"]
[WhiteElo "1470"]
[BlackElo "1769"]

1. e4 c5 2. Nf3 d6 3. d4 cxd4 4. Nxd4 Nf6 5. Nc3 g6 6. Be3 Bg7 7. f3 O-O 8. Qd2
Nc6 9. Nb3 Be6 10. O-O-O Ne5 11. Kb1 Nc4 12. Bxc4 Bxc4 13. g4 b5 14. h4 a5 15.
Bh6 b4 16. Nd5 Bxh6 17. Qxh6 Bxd5 18. exd5 Kh8 19. h5 Rg8 20. Qf4 g5 21. Qf5 a4
22. Nd4 Qc7 23. Qd3 Ra5 24. Nf5 Rxd5 25. Qe3 Re5 26. Qd2 Rc5 27. Rhe1 Nd5 28.
Qd4+ e5 29. Qe4 Nf6 30. Qd3 Rd5 31. Qe2 a3 32. Rxd5 Nxd5 33. Qd3 Rc8 34. b3 Qc5
35. Nh6 f6 36. Nf5 Nf4 37. Qd2 d5 38. Ne3 Qb5 39. Ng2 Nxg2 40. Qxg2 Qc5 41. Qd2
Qc3 42. Qxc3 Rxc3 43. Rf1 Kg7 44. Kc1 f5 45. Kd2 Kf6 46. Rf2 f4 47. Kd1 h6 48.
Ke1 e4 49. fxe4 dxe4 50. Rd2 Ke5 51. Kd1 f3 52. Rd8 f2 53. Re8+ Kf4 54. Rf8+ 0-1

[Event "Druzynowe Mistrzostwa Polski Juniorow - I Liga 2023"]
[Site "Lublin"]
[Date "1899-12-30"]
[Round "7.12"]
[White "Izafatava, Kira"]
[Black "Klintsevich, Aliaksandra"]
[Result "1-0"]
[WhiteTitle "I"]
[BlackTitle "I"]
[WhiteElo "1423"]
[BlackElo "1437"]

1. e4 e6 2. d4 d5 3. Nd2 dxe4 4. Nxe4 Nd7 5. Nf3 Ngf6 6. Nxf6+ Nxf6 7. c3 c5 8.
Bg5 cxd4 9. Bb5+ Bd7 10. Bxf6 gxf6 11. Bxd7+ Qxd7 12. Nxd4 O-O-O 13. Qf3 Be7 14.
O-O-O Qa4 15. Kb1 Rd6 16. Nb3 Rhd8 17. h3 Rxd1+ 18. Rxd1 Rxd1+ 19. Qxd1 Qe4+ 20.
Qc2 Qxg2 21. Qxh7 Qg1+ 22. Nc1 Qxf2 23. h4 Kd7 24. Qd3+ Bd6 25. h5 Qh4 26. Qb5+
Kc7 27. Qa5+ Kc8 28. Qb5 Qe4+ 29. Ka1 Bf4 30. Qe8+ Kc7 31. Qe7+ Kb6 32. Qd8+ Kc6
33. Qc8+ Kb6 34. Qd8+ Ka6 35. Qd1 Bxc1 36. Qxc1 Qh7 37. h6 f5 38. Qf1+ Ka5 39.
b4+ Ka4 40. Qd1+ Kb5 41. Qd7+ Ka6 42. a4 b6 43. Qc8# 1-0

[Event "Druzynowe Mistrzostwa Polski Juniorow - I Liga 2023"]
[Site "Lublin"]
[Date "1899-12-30"]
[Round "7.13"]
[White "Malinowski, Szymon"]
[Black "Wnek, Filip"]
[Result "0-1"]
[WhiteTitle "I++"]
[BlackTitle "I++"]
[WhiteElo "1951"]
[BlackElo "2057"]

1. d4 Nf6 2. c4 c5 3. d5 d6 4. Nc3 e5 5. e4 Be7 6. f4 exf4 7. Bxf4 O-O 8. h3 a6
9. Bd3 Nbd7 10. g4 b5 11. b3 bxc4 12. bxc4 Ne8 13. Nf3 Bh4+ 14. Kd2 Bf6 15. Qc2
Qa5 16. Rhe1 Bd4 17. e5 dxe5 18. Nxe5 Nxe5 19. Bxe5 Kh8 20. Re2 Bd7 21. Rae1 Ba4
22. Qc1 Qb4 23. Re4 Nf6 24. Rf4 Bxe5 25. Rxe5 Rae8 26. Rxe8 Rxe8 27. a3 Qb8 28.
Ne2 Qe5 29. Ke1 Bd7 30. Kf2 g5 31. Rf3 Qh2+ 32. Kf1 Rxe2 0-1

[Event "Druzynowe Mistrzostwa Polski Juniorow - I Liga 2023"]
[Site "Lublin"]
[Date "1899-12-30"]
[Round "7.14"]
[White "Rainer, Piotr"]
[Black "Trzebinski, Patryk"]
[Result "0-1"]
[WhiteTitle "I"]
[BlackTitle "I++"]
[WhiteElo "1727"]
[BlackElo "1934"]

1. e4 c5 2. Nf3 g6 3. d4 cxd4 4. Qxd4 Nf6 5. Bb5 a6 6. e5 axb5 7. exf6 e6 8. Nc3
b4 9. Nb5 Ra5 10. Qc4 Na6 11. Bf4 d5 12. Qe2 Bc5 13. Nbd4 Bd6 14. Be3 Bd7 15.
Nb3 Bb5 16. Qd2 Ra4 17. Bd4 Qc7 18. Qe3 Bf4 19. Be5 Bxe3 20. Bxc7 Bxf2+ 21. Kxf2
Nxc7 22. Nc5 Ra7 23. Ne5 O-O 24. Ncd3 Bxd3 25. Nxd3 Ne8 26. Nxb4 Nxf6 27. c3 Ne4+
28. Ke2 Ra5 29. Rhd1 Rd8 30. Rd3 Nd6 31. b3 Rc5 32. Rad1 b5 33. Na6 Rcc8 34. Re3
Ne4 35. Rdd3 f5 36. g3 Ra8 37. Nb4 Nxc3+ 38. Kf3 Ne4 39. h4 Kg7 40. Re2 Rdc8 41.
Kf4 Kf6 42. g4 h6 43. gxf5 gxf5 44. Rg2 Rg8 45. Rxg8 Rxg8 46. a4 bxa4 47. bxa4
Rg4+ 48. Kf3 Rg3+ 49. Ke2 Nc3+ 0-1

[Event "Druzynowe Mistrzostwa Polski Juniorow - I Liga 2023"]
[Site "Lublin"]
[Date "1899-12-30"]
[Round "7.15"]
[White "Zalewski, Witold"]
[Black "Micula, Jakub"]
[Result "1-0"]
[WhiteTitle "II"]
[BlackTitle "I"]
[WhiteElo "1333"]
[BlackElo "1666"]

1. e4 Nf6 2. e5 Nd5 3. d4 Nb6 4. c4 d6 5. exd6 cxd6 6. Nf3 g6 7. Nc3 Bg7 8. Be2
O-O 9. O-O Nc6 10. Be3 Bg4 11. b3 d5 12. c5 Nc8 13. b4 e6 14. b5 N6e7 15. h3 Bxf3
16. Bxf3 Nf5 17. Qd2 Nce7 18. Rfd1 Nxe3 19. fxe3 Nf5 20. Bg4 Qg5 21. Bxf5 gxf5
22. Rf1 Bh6 23. Rf3 Kh8 24. Qf2 Rg8 25. Ne2 b6 26. a4 Qe7 27. c6 a6 28. Qf1 axb5
29. axb5 Rxa1 30. Qxa1 Qb4 31. Nc3 Bxe3+ 32. Rxe3 Qxd4 33. Kh1 Qg7 34. Re2 f4
35. Qe1 f5 36. Nd1 e5 37. Qf2 d4 38. Rc2 Qc7 39. Nb2 Rg3 40. Nc4 Rb3 41. Nxe5
Rxb5 42. Qxf4 Rxe5 43. Qxe5+ Qxe5 44. c7 Qe1+ 45. Kh2 Qe5+ 46. g3 d3 47. c8=Q+
Kg7 48. Qc7+ 1-0

[Event "Druzynowe Mistrzostwa Polski Juniorow - I Liga 2023"]
[Site "Lublin"]
[Date "1899-12-30"]
[Round "7.16"]
[White "Kozak, Karol"]
[Black "Wons, Krystian"]
[Result "1-0"]
[WhiteTitle "I"]
[BlackTitle "I"]
[WhiteElo "1492"]
[BlackElo "1331"]

1. e4 c5 2. Nf3 Nc6 3. d4 cxd4 4. Nxd4 Nf6 5. Nc3 e5 6. Ndb5 d6 7. a4 Be7 8. Bg5
O-O 9. Bxf6 Bxf6 10. Bc4 Qb6 11. Qxd6 Be7 12. Qd3 Nb4 13. Qe2 a6 14. Na3 Nc6 15.
Nd5 Qxb2 16. Nxe7+ Nxe7 17. O-O b5 18. Ra2 Qb4 19. Rb1 Qc5 20. axb5 axb5 21. Nxb5
Rxa2 22. Bxa2 Ba6 23. c4 Rc8 24. Qe3 g6 25. Qxc5 Rxc5 26. Kf1 Nc6 27. Ke1 Na5
28. Na3 Kg7 29. Rc1 Nc6 30. Kd2 f5 31. exf5 gxf5 32. Rb1 Ra5 33. Rb3 Bxc4 34.
Rg3+ Kf6 35. Bxc4 f4 36. Rh3 Nd4 37. Nc2 Rc5 38. Nxd4 Rxc4 39. Nc2 Kg6 40. Rc3
Ra4 41. g3 Kf5 42. Ke2 h5 43. Ne1 h4 44. gxf4 Re4+ 45. Kf1 exf4 46. Ng2 Kg5 47.
f3 Re5 48. Rc4 Rf5 49. Rxf4 Rxf4 50. Nxf4 Kxf4 51. Kf2 Ke5 52. Ke3 Kf5 53. h3
1-0

[Event "Druzynowe Mistrzostwa Polski Juniorow - I Liga 2023"]
[Site "Lublin"]
[Date "1899-12-30"]
[Round "7.17"]
[White "Skolska, Emilia"]
[Black "Gaczol, Julia"]
[Result "1-0"]
[WhiteTitle "I++"]
[BlackTitle "I+"]
[WhiteElo "1689"]
[BlackElo "1388"]

1. e4 c5 2. Nc3 Nc6 3. f4 g6 4. Nf3 Bg7 5. Bb5 Nd4 6. O-O Nxb5 7. Nxb5 d5 8. d3
d4 9. a4 a6 10. Na3 b5 11. axb5 axb5 12. Bd2 Qd7 13. Qe1 Nf6 14. Qh4 Ba6 15. f5
Rc8 16. Bh6 Bxh6 17. Qxh6 gxf5 18. e5 Rc6 19. exf6 Rxf6 20. Qg7 Rf8 21. Qxh7 Qd5
22. Rae1 Re6 23. Rxe6 fxe6 24. Qg6+ Kd7 25. Re1 Rf6 26. Qg7 c4 27. Ne5+ Kd6 28.
Qg8 Kc7 29. Qe8 Qd6 30. Nxb5+ Bxb5 31. Qxb5 cxd3 32. cxd3 1-0

[Event "Druzynowe Mistrzostwa Polski Juniorow - I Liga 2023"]
[Site "Lublin"]
[Date "1899-12-30"]
[Round "7.18"]
[White "Nowak, Emilia"]
[Black "Tokarz, Gabriela"]
[Result "1/2-1/2"]
[WhiteTitle "I"]
[BlackTitle "I++"]
[WhiteElo "1307"]
[BlackElo "1549"]

1. e4 c5 2. c3 d5 3. exd5 Qxd5 4. d4 Nc6 5. Nf3 Nf6 6. Be3 cxd4 7. cxd4 e6 8. a3
Be7 9. Nc3 Qd6 10. Bd3 O-O 11. Rc1 a6 12. O-O b6 13. Ne4 Nxe4 14. Bxe4 Bb7 15.
Qd3 f5 16. Bxc6 Bxc6 17. Ne5 Be4 18. Qd2 b5 19. Bf4 Qd8 20. Rfe1 g5 21. Bg3 Rc8
22. f3 Bd5 23. Bf2 Kh8 24. Rxc8 Qxc8 25. Rc1 Qb7 26. Qc3 Bd6 27. Qe3 f4 28. Qc3
Bxe5 29. dxe5 g4 30. Qc5 Rg8 31. Bh4 Re8 32. Bf6+ Kg8 33. Qd4 gxf3 34. gxf3 Bxf3
35. Qxf4 Qe4 36. Qg5+ Qg6 37. Rc7 Qxg5+ 38. Bxg5 Rb8 39. Kf2 Bd5 40. Bf6 Rb7 41.
Rxb7 Bxb7 42. Ke3 a5 43. Kd4 Bd5 44. Kc5 a4 45. Kxb5 Bb3 46. Kc6 Kf7 47. Kd7 Kg6
48. Ke7 h5 49. h4 Kf5 50. Kd6 Kg4 51. Kc5 Kf5 52. Kd4 Kg4 53. Ke3 Bd5 1/2-1/2